000 01166nam a22002537a 4500
001 BD-DhSAU 9272
003 BD-DhSAU
005 20181211162617.0
008 150612b2007 bg a||||r|||| 000 0 eng d
040 _aBD-DhSAU
082 _222
_a630.715
_bB3946
100 _aBegum, Thahamina
_eRegistration No. # 00664
245 _aJob performance of jute development officers of integrated HYV jute and jute seed production project /
_bMS thesis
_cby Thahamina Begum.
260 _aSher-e- Bangla Agricultural University :
_bDepartment of Agricultural Extension and Information System,
_c2007.
300 _axi, 92 p. :
_bill. ,
_c30 cm.
500 _aMS thesis of Department of Agricultural Extension and Information System, Faculty of Agriculture, Sher-e-Bangla Agricultural University, Dhaka, Bangladesh
590 _ajoy
650 _aAgricultural Extension and Information System
650 _aJob performance.
_xjute development officers
700 _aBhuiyan, Mohammad Hossain
_eSupervisor
700 _aAli, Md. Sekendar
_eCo-Supervisor
856 _uhttp://archive.saulibrary.edu.bd:8080/xmlui/handle/123456789/1576
942 _2ddc
_cTHESIS
999 _c9272
_d9272